[Event "Paul Keres mem (27th)"]
[Site "Vancouver CAN"]
[Date "2002.05.17"]
[Round "1.7"]
[White "Pupols, Viktors"]
[Black "Yousefzadeh, Mehrdad"]
[Result "1-0"]
[WhiteElo "2261"]
[BlackElo "2041"]
[PlyCount "111"]
[EventDate "2002.05.17"]
[EventType "swiss"]
[EventRounds "7"]
[EventCountry "CAN"]

1. d4 Nf6 2. c4 e6 3. Nf3 Bb4+ 4. Nbd2 O-O 5. g3 d5 6. Bg2 Re8 7. O-O Nbd7 8.
Qc2 c6 9. b3 Bf8 10. Bb2 g6 11. e4 dxe4 12. Nxe4 Nxe4 13. Qxe4 Nf6 14. Qe2 Bg7
15. Ne5 Qc7 16. Rad1 a5 17. Rd2 a4 18. b4 Bd7 19. Rc2 Rad8 20. Rd1 Bc8 21. Rcd2
Qe7 22. Bc3 Nd7 23. f4 Nxe5 24. fxe5 f5 25. exf6 Bxf6 26. Rd3 Qg7 27. Be4 Bd7
28. Be1 b5 29. c5 Rf8 30. Qg2 Qf7 31. Bd2 Qg7 32. Bf4 Rc8 33. g4 g5 34. Bd6
Rfd8 35. Qg3 Be8 36. R3d2 Bg6 37. Bf3 h6 38. Qf2 Kh7 39. Qe3 Qf7 40. Rf1 Qg7
41. Kh1 Rd7 42. Rfd1 Kh8 43. Qe2 Rdd8 44. Qg2 Qd7 45. Be5 Rf8 46. Qg3 Qg7 47.
Bg2 Qh7 48. Rf1 Bg7 49. Rdf2 Kg8 50. Qe3 Rfe8 51. a3 Qh8 52. Bxg7 Qxg7 53. Rf6
Kh7 54. Rxg6 Qe7 55. Be4 Kh8 56. Rxh6+ 1-0

[Event "Paul Keres mem (27th)"]
[Site "Vancouver CAN"]
[Date "2002.05.17"]
[Round "1.8"]
[White "Pitre, Hanniegn"]
[Black "Shamilov, Eduard"]
[Result "0-1"]
[WhiteElo "2007"]
[BlackElo "2239"]
[PlyCount "50"]
[EventDate "2002.05.17"]
[EventType "swiss"]
[EventRounds "7"]
[EventCountry "CAN"]

1. e4 c5 2. Nf3 d6 3. d4 cxd4 4. Nxd4 Nf6 5. Nc3 g6 6. Be3 Bg7 7. f3 O-O 8. Qd2
Nc6 9. g4 Be6 10. O-O-O Nxd4 11. Bxd4 a6 12. h4 b5 13. a3 Rb8 14. h5 b4 15.
axb4 Rxb4 16. hxg6 fxg6 17. Be3 Qa5 18. Qe1 Qa1+ 19. Kd2 Qxb2 20. Rb1 Nxe4+ 21.
Nxe4 Qxb1 22. Qxb1 Rxb1 23. Ng5 Bd5 24. Nxh7 Rxf1 25. Rxf1 Kxh7 0-1

[Event "Paul Keres mem (27th)"]
[Site "Vancouver CAN"]
[Date "2002.05.17"]
[Round "1.9"]
[White "Jiganchine, Roman"]
[Black "Maheux, Pierre"]
[Result "1-0"]
[WhiteElo "2224"]
[BlackElo "2007"]
[PlyCount "69"]
[EventDate "2002.05.17"]
[EventType "swiss"]
[EventRounds "7"]
[EventCountry "CAN"]

1. e4 c5 2. Nf3 Nc6 3. d4 cxd4 4. Nxd4 e5 5. Nb5 a6 6. Nd6+ Bxd6 7. Qxd6 Qf6 8.
Qxf6 Nxf6 9. Nc3 d5 10. exd5 Nb4 11. Bd3 Nfxd5 12. Nxd5 Nxd5 13. Bd2 Be6 14.
O-O O-O-O 15. Ba5 Rde8 16. Rfe1 f6 17. g3 Ne7 18. c3 Kb8 19. Bb6 Nc8 20. Be3
Rd8 21. Bf1 Bd5 22. f4 exf4 23. Bxf4+ Ka8 24. c4 Bc6 25. b4 Rhe8 26. b5 axb5
27. cxb5 Be4 28. Bc7 Rd4 29. Rad1 Rxd1 30. Rxd1 Re7 31. b6 Bc6 32. Bh3 Re8 33.
Rd3 Bb5 34. Ra3+ Ba6 35. Rxa6+ 1-0

[Event "Paul Keres mem (27th)"]
[Site "Vancouver CAN"]
[Date "2002.05.17"]
[Round "1.10"]
[White "Meng, Fanhao"]
[Black "Wu, Howard"]
[Result "1-0"]
[WhiteElo "1999"]
[BlackElo "2222"]
[PlyCount "121"]
[EventDate "2002.05.17"]
[EventType "swiss"]
[EventRounds "7"]
[EventCountry "CAN"]

1. e4 c5 2. c3 Nf6 3. e5 Nd5 4. d4 cxd4 5. cxd4 Nc6 6. Nf3 d6 7. exd6 e6 8. Nc3
Bxd6 9. Bd3 O-O 10. O-O Be7 11. a3 Bf6 12. Be3 g6 13. Rc1 Nxc3 14. bxc3 e5 15.
Bb5 Bg4 16. d5 e4 17. dxc6 exf3 18. Qxd8 Raxd8 19. Bc5 fxg2 20. Kxg2 bxc6 21.
Bxf8 cxb5 22. Bc5 Rd3 23. f3 Be6 24. Rfd1 Rxd1 25. Rxd1 Bxc3 26. Rd8+ Kg7 27.
Bxa7 Bb2 28. Bd4+ Bxd4 29. Rxd4 Kf6 30. Kf2 Ke5 31. Ke3 Bb3 32. Rd7 Ke6 33. Rb7
Bc4 34. Kd4 g5 35. Kc5 h5 36. Kd4 f6 37. Rc7 Kf5 38. Ke3 Kg6 39. Rc5 Kh6 40.
Ke4 Kg6 41. h4 gxh4 42. f4 h3 43. Kf3 Bf1 44. Kg3 Be2 45. Kxh3 Kf7 46. Kh4 Ke6
47. Rc2 Bd3 48. Rc3 Bf1 49. Kxh5 Kf5 50. Rc2 Bd3 51. Rf2 Ke4 52. Kg4 f5+ 53.
Kg5 Ke3 54. Rb2 Ke4 55. Rb4+ Kd5 56. Kf6 Kc6 57. Ke5 Kc5 58. Rd4 Bb1 59. Rd5+
Kc4 60. Ke6 Bd3 61. Rxd3 1-0

[Event "Paul Keres mem (27th)"]
[Site "Vancouver CAN"]
[Date "2002.05.17"]
[Round "1.12"]
[White "Harris, Philip"]
[Black "Fullbrook, Nigel"]
[Result "1/2-1/2"]
[WhiteElo "1982"]
[BlackElo "2207"]
[PlyCount "43"]
[EventDate "2002.05.17"]
[EventType "swiss"]
[EventRounds "7"]
[EventCountry "CAN"]

1. e4 d6 2. d4 Nf6 3. Nc3 g6 4. Bg5 Bg7 5. Qd2 h6 6. Bh4 g5 7. Bg3 Nh5 8. Bc4
Nc6 9. Nge2 e5 10. dxe5 Nxe5 11. Bb3 Be6 12. Nd5 a5 13. a4 c6 14. Ne3 Nxg3 15.
Nxg3 Ng6 16. Ngf5 Bxb2 17. Nxd6+ Kf8 18. Rd1 Qf6 19. O-O Bc3 20. Qe2 Nf4 21.
Qf3 Rb8 22. g3 1/2-1/2

[Event "Paul Keres mem (27th)"]
[Site "Vancouver CAN"]
[Date "2002.05.17"]
[Round "1.13"]
[White "Stanford, Mike"]
[Black "Pacheco, Sigfrido"]
[Result "1/2-1/2"]
[WhiteElo "2165"]
[BlackElo "1944"]
[PlyCount "57"]
[EventDate "2002.05.17"]
[EventType "swiss"]
[EventRounds "7"]
[EventCountry "CAN"]

1. e4 c5 2. Nf3 d6 3. d4 cxd4 4. Nxd4 Nf6 5. Nc3 g6 6. Be3 Bg7 7. f3 Nc6 8. Qd2
O-O 9. Bc4 Bd7 10. O-O-O Rc8 11. Bb3 Ne5 12. Bg5 Rc5 13. f4 Nc6 14. e5 Rxc3 15.
Qxc3 Ne4 16. Qe3 Nxg5 17. Nxc6 Bxc6 18. fxg5 Bxe5 19. Rhf1 Qa5 20. g3 Kg7 21.
Kb1 Qb6 22. Rde1 Qxe3 23. Rxe3 f5 24. gxf6+ exf6 25. Bc4 f5 26. Bd3 Rc8 27. c3
a5 28. Kc2 a4 29. a3 1/2-1/2

[Event "Paul Keres mem (27th)"]
[Site "Vancouver CAN"]
[Date "2002.05.17"]
[Round "1.14"]
[White "Long, Hugh"]
[Black "Wright, Stephen"]
[Result "1-0"]
[WhiteElo "1943"]
[BlackElo "2154"]
[PlyCount "87"]
[EventDate "2002.05.17"]
[EventType "swiss"]
[EventRounds "7"]
[EventCountry "CAN"]

1. d4 f5 2. Nf3 Nf6 3. c4 g6 4. Nc3 Bg7 5. e3 O-O 6. Bd3 d6 7. O-O Nc6 8. a3 e5
9. dxe5 dxe5 10. e4 f4 11. h3 h6 12. b4 g5 13. Nh2 Be6 14. Nd5 Nd4 15. Bb2 c6
16. Nxf6+ Bxf6 17. Nf3 Nxf3+ 18. Qxf3 Qd7 19. Be2 Qf7 20. c5 Kh7 21. Rfd1 Rg8
22. g4 fxg3 23. Qxg3 Qg7 24. Bg4 Bxg4 25. Qxg4 Rad8 26. Rd6 Rxd6 27. cxd6 Qg6
28. Rd1 h5 29. Qf3 g4 30. hxg4 Qxg4+ 31. Qxg4 Rxg4+ 32. Kf1 Rg8 33. d7 Rd8 34.
f4 Kg6 35. fxe5 Be7 36. e6 Bf6 37. Bc1 Be7 38. Bb2 Bf6 39. e5 Be7 40. Bd4 b6
41. Rc1 Kf5 42. Rxc6 Ke4 43. Bf2 Kd5 44. b5 1-0

[Event "Paul Keres mem (27th)"]
[Site "Vancouver CAN"]
[Date "2002.05.17"]
[Round "1.15"]
[White "Beqo, Nick"]
[Black "Steininger, Gavin"]
[Result "1-0"]
[WhiteElo "2151"]
[BlackElo "1815"]
[PlyCount "47"]
[EventDate "2002.05.17"]
[EventType "swiss"]
[EventRounds "7"]
[EventCountry "CAN"]

1. d4 Nf6 2. Nf3 e6 3. Bf4 c5 4. c3 Nc6 5. e3 d5 6. Bd3 Be7 7. O-O a6 8. Nbd2
Nh5 9. Bg3 Nxg3 10. hxg3 c4 11. Bc2 f5 12. b3 b5 13. bxc4 bxc4 14. Ba4 Bd7 15.
Bxc6 Bxc6 16. Ne5 Qc7 17. Qh5+ g6 18. Nxg6 hxg6 19. Qxh8+ Kd7 20. Qg7 Qa5 21.
Nf3 Re8 22. Qf7 Kd6 23. Ne5 Ba4 24. Rab1 1-0

[Event "Paul Keres mem (27th)"]
[Site "Vancouver CAN"]
[Date "2002.05.17"]
[Round "1.16"]
[White "Schuetzhold, Ralf"]
[Black "Oszvald, Joseph"]
[Result "0-1"]
[WhiteElo "2153"]
[BlackElo "2156"]
[PlyCount "106"]
[EventDate "2002.05.17"]
[EventType "swiss"]
[EventRounds "7"]
[EventCountry "CAN"]

1. e4 c5 2. Nf3 d6 3. d4 cxd4 4. Nxd4 Nf6 5. Nc3 g6 6. Be3 Bg7 7. Bc4 O-O 8. f3
Nc6 9. Qd2 Bd7 10. O-O-O Rc8 11. Bb3 Ne5 12. g4 b5 13. h4 h5 14. gxh5 Nxh5 15.
Rdg1 a5 16. f4 Nc4 17. Bxc4 Rxc4 18. f5 Kh7 19. Qd3 Qe8 20. Kb1 e5 21. fxg6+
fxg6 22. Nde2 Qe6 23. Nd5 Bc6 24. Nec3 Rf3 25. Rf1 Rd4 26. Qe2 Rxf1+ 27. Rxf1
Ng3 28. Qf2 Nxe4 29. Nxe4 Rxe4 30. Nc3 Rg4 31. Rg1 d5 32. Ne2 d4 33. Bc1 Qf5
34. Qe1 Rxg1 35. Qxg1 Be4 36. Ng3 Bxc2+ 37. Ka1 Qf3 38. Nf1 Bh6 39. Nd2 Qd1 40.
Qxd1 Bxd1 41. Kb1 a4 42. Ne4 Bxc1 43. Kxc1 Be2 44. Kd2 Bc4 45. a3 Kh6 46. Nf6
Kg7 47. Ne4 Kf7 48. Ke1 Ke6 49. Ng3 Kd5 50. h5 gxh5 51. Nxh5 e4 52. Nf6+ Ke5
53. Nd7+ Kf4 0-1

[Event "Paul Keres mem (27th)"]
[Site "Vancouver CAN"]
[Date "2002.05.17"]
[Round "1.17"]
[White "Fletcher, David"]
[Black "Zemitis, Valdemars"]
[Result "0-1"]
[WhiteElo "2137"]
[BlackElo "1841"]
[PlyCount "102"]
[EventDate "2002.05.17"]
[EventType "swiss"]
[EventRounds "7"]
[EventCountry "CAN"]

1. e4 e5 2. Nf3 f5 3. d3 d6 4. g3 Nf6 5. Bg5 Be7 6. Nbd2 O-O 7. Bg2 Nc6 8. O-O
h6 9. Bxf6 Bxf6 10. c3 f4 11. gxf4 exf4 12. d4 g5 13. Ne1 Qe8 14. f3 Ne7 15.
Nd3 Ng6 16. Re1 Be6 17. Qe2 Qf7 18. a4 Rae8 19. Qf2 a6 20. Rf1 Kh8 21. Kh1 Rg8
22. a5 Rg7 23. Rg1 Reg8 24. Bf1 Nh4 25. Be2 c6 26. e5 dxe5 27. dxe5 Be7 28. Nc5
Bxc5 29. Qxc5 Nf5 30. Ne4 Ne3 31. Nf6 Rd8 32. Qb6 Qc7 33. Qc5 Bd5 34. c4 Qxe5
35. cxd5 Qxf6 36. dxc6 Rc7 37. Qc3 Qxc3 38. bxc3 Rxc6 39. h4 Rd2 40. Bf1 Nf5
41. hxg5 Ng3+ 42. Rxg3 fxg3 43. c4 hxg5 44. Rb1 Rh6+ 45. Kg1 Rhh2 46. Rxb7 g2
47. Rb8+ Kg7 48. Rb7+ Kh6 49. Rb6+ Kh5 50. Be2 Rh1+ 51. Kxg2 Re1 0-1

[Event "Paul Keres mem (27th)"]
[Site "Vancouver CAN"]
[Date "2002.05.17"]
[Round "1.18"]
[White "Tang, Edward"]
[Black "North, Robert"]
[Result "0-1"]
[WhiteElo "1825"]
[BlackElo "2125"]
[PlyCount "104"]
[EventDate "2002.05.17"]
[EventType "swiss"]
[EventRounds "7"]
[EventCountry "CAN"]

1. e4 c5 2. Nf3 d6 3. d4 cxd4 4. Nxd4 Nf6 5. Nc3 a6 6. f4 e5 7. Nf3 Nbd7 8. a4
Qc7 9. Bd3 Be7 10. O-O h6 11. Kh1 O-O 12. f5 Nc5 13. Rg1 d5 14. Qe2 Nxd3 15.
cxd3 d4 16. Nd1 Nh7 17. h4 f6 18. g4 Qd8 19. Nf2 Qe8 20. Nh3 Bd7 21. Qg2 g5 22.
fxg6 Qxg6 23. h5 Qg7 24. Nh4 Ng5 25. Ng6 Rfc8 26. Rf1 Be8 27. Nh4 Bd7 28. Nf5
Bxf5 29. Rxf5 Rc6 30. Bxg5 hxg5 31. Rf2 Rac8 32. Rd2 Bb4 33. Re2 Rc1+ 34. Rxc1
Rxc1+ 35. Ng1 Qd7 36. Rc2 Rxc2 37. Qxc2 Be7 38. Qc4+ Kg7 39. Qb3 Qxg4 40. Qxb7
Qxh5+ 41. Kg2 Qg4+ 42. Kh1 Qe6 43. b4 Kg6 44. b5 axb5 45. axb5 g4 46. Ne2 Kg5
47. Qa7 g3 48. Kg2 Kh4 49. Ng1 Kg4 50. b6 f5 51. exf5 Qc6+ 52. Kf1 Qc1+ 0-1

[Event "Paul Keres mem (27th)"]
[Site "Vancouver CAN"]
[Date "2002.05.17"]
[Round "1.19"]
[White "Johnson, Tyler"]
[Black "Krzyzowski, Ernest"]
[Result "0-1"]
[WhiteElo "2115"]
[BlackElo "1787"]
[PlyCount "94"]
[EventDate "2002.05.17"]
[EventType "swiss"]
[EventRounds "7"]
[EventCountry "CAN"]

1. g3 f5 2. d3 Nf6 3. Bg2 d5 4. Nf3 Nbd7 5. c4 e6 6. Nc3 c6 7. h4 Bd6 8. h5 Qc7
9. Bg5 Ng4 10. O-O h6 11. Bh4 Ndf6 12. cxd5 exd5 13. e4 Nxh5 14. exf5 O-O 15.
Nd4 Nhf6 16. Bxf6 Nxf6 17. Qd2 Bd7 18. Rae1 Rae8 19. Ne6 Bxe6 20. fxe6 Kh8 21.
d4 Re7 22. f4 Nh5 23. Qd3 b5 24. a3 a5 25. Qg6 Nf6 26. Re3 Qa7 27. Ne2 c5 28.
Rd1 cxd4 29. Nxd4 Bc5 30. Qd3 b4 31. axb4 axb4 32. Kh1 Bxd4 33. Qxd4 Qxd4 34.
Rxd4 Rc8 35. Re1 Rc4 36. Rd2 Ne4 37. Rxd5 Rxe6 38. f5 Nxg3+ 39. Kh2 Rxe1 40.
Kxg3 Re3+ 41. Kf2 Rb3 42. Rd2 Rf4+ 43. Ke2 Rg3 44. Rd8+ Kh7 45. Bd5 h5 46. Bg8+
Kh6 47. Rd6+ Kg5 0-1

[Event "Paul Keres mem (27th)"]
[Site "Vancouver CAN"]
[Date "2002.05.17"]
[Round "1.20"]
[White "Daswani, Benedict"]
[Black "Tegzes, Laszlo"]
[Result "0-1"]
[WhiteElo "1784"]
[BlackElo "2331"]
[PlyCount "54"]
[EventDate "2002.05.17"]
[EventType "swiss"]
[EventRounds "7"]
[EventCountry "CAN"]

1. d4 Nf6 2. c4 g6 3. Nc3 Bg7 4. e4 d6 5. Be3 O-O 6. Bd3 e5 7. d5 c6 8. Rc1 Ng4
9. Qd2 Nxe3 10. Qxe3 f5 11. f3 Nd7 12. b4 a5 13. a3 axb4 14. axb4 Nf6 15. h3
Nh5 16. Nge2 Nf4 17. Nxf4 exf4 18. Qd2 Qh4+ 19. Kf1 Bd4 20. Nd1 fxe4 21. Bxe4
c5 22. bxc5 dxc5 23. Qe1 Qf6 24. Nf2 Be3 25. Rd1 Ra2 26. Ng4 Qb2 27. d6 Qxg2#
0-1

[Event "Paul Keres mem (27th)"]
[Site "Vancouver CAN"]
[Date "2002.05.17"]
[Round "1.21"]
[White "Boehmer, Kris"]
[Black "Fleming, Balin"]
[Result "0-1"]
[WhiteElo "2110"]
[BlackElo "1843"]
[PlyCount "74"]
[EventDate "2002.05.17"]
[EventType "swiss"]
[EventRounds "7"]
[EventCountry "CAN"]

1. c4 Nf6 2. Nc3 g6 3. g3 Bg7 4. Bg2 O-O 5. d4 d6 6. Nf3 Nbd7 7. O-O e5 8. e4
Re8 9. h3 c6 10. Be3 Qc7 11. Qc2 exd4 12. Nxd4 a5 13. Rad1 Nc5 14. Rfe1 Be6 15.
b3 Rad8 16. f4 Bc8 17. Bf2 Re7 18. e5 Ne8 19. a3 Ne6 20. Nf3 d5 21. Na4 dxc4
22. Bb6 Rxd1 23. Bxc7 Rxe1+ 24. Nxe1 cxb3 25. Qxb3 N6xc7 26. Nc5 Nb5 27. a4 Nd4
28. Qb6 Bf8 29. Qd8 Ne6 30. Nxe6 Bxe6 31. Qxa5 Rd7 32. Nc2 Nc7 33. Ne3 Na6 34.
Ng4 Bb4 35. Nf6+ Kh8 36. Qb6 Bc5+ 37. Qxc5 Rd1+ 0-1

[Event "Paul Keres mem (27th)"]
[Site "Vancouver CAN"]
[Date "2002.05.17"]
[Round "1.22"]
[White "McCusky, Louis"]
[Black "Sullivan, Brian"]
[Result "1-0"]
[WhiteElo "1576"]
[BlackElo "1866"]
[PlyCount "117"]
[EventDate "2002.05.17"]
[EventType "swiss"]
[EventRounds "7"]
[EventCountry "CAN"]

1. e4 c5 2. Nf3 d6 3. d4 cxd4 4. Nxd4 Nf6 5. Nc3 a6 6. Be2 Nc6 7. Be3 Bd7 8.
Qd2 b5 9. f3 Rc8 10. O-O e6 11. a3 Be7 12. b4 Qc7 13. Na2 O-O 14. Nb3 Ne5 15.
Rac1 Nc4 16. Bxc4 Qxc4 17. Rfd1 e5 18. Qd3 Be6 19. Qxc4 bxc4 20. Na5 c3 21. Nb3
d5 22. exd5 Nxd5 23. Bc5 Rfe8 24. Bxe7 Rxe7 25. Rd3 Nf4 26. Re3 f6 27. Kf2 Bxb3
28. cxb3 c2 29. g3 Ne6 30. Nc3 Nd4 31. Nd5 Re6 32. Rc3 Rxc3 33. Nxc3 Kf7 34.
Ne4 Rc6 35. Nc5 a5 36. Ke3 f5 37. f4 Nxb3 38. Rxc2 e4 39. Rc3 axb4 40. axb4
Nxc5 41. bxc5 Ke6 42. Kd4 g6 43. Rc2 Kd7 44. Kd5 Kc7 45. Ra2 Kb7 46. Rb2+ Kc7
47. Ra2 Kd7 48. Ra7+ Rc7 49. c6+ Kd8 50. Ra8+ Ke7 51. Rh8 Kf6 52. Kd6 Ra7 53.
Rf8+ Kg7 54. Re8 Kf7 55. Re5 Ra2 56. c7 Rd2+ 57. Rd5 Rc2 58. Kd7 e3 59. c8=Q
1-0

[Event "Paul Keres mem (27th)"]
[Site "Vancouver CAN"]
[Date "2002.05.17"]
[Round "1.23"]
[White "Stephens, Desmond"]
[Black "Davies, Lucas"]
[Result "1/2-1/2"]
[WhiteElo "1787"]
[BlackElo "1905"]
[PlyCount "122"]
[EventDate "2002.05.17"]
[EventType "swiss"]
[EventRounds "7"]
[EventCountry "CAN"]

1. e4 c6 2. Nf3 d5 3. exd5 Nf6 4. d4 Nxd5 5. c4 Nf6 6. Be2 Bf5 7. Nc3 e6 8. Bg5
Be7 9. h3 O-O 10. O-O Ne4 11. Bxe7 Qxe7 12. Nxe4 Bxe4 13. Bd3 Bxd3 14. Qxd3 Rd8
15. Rfe1 c5 16. Qc3 cxd4 17. Nxd4 Qf6 18. Rad1 Nc6 19. Nb5 Qxc3 20. Nxc3 Kf8
21. Kf1 Rac8 22. b3 Rxd1 23. Rxd1 Ke7 24. Ke2 Rd8 25. Rxd8 Kxd8 26. Ke3 Kd7 27.
f4 Nb4 28. g4 b6 29. Ke4 f6 30. a3 Nc6 31. b4 Kd6 32. Nb5+ Kd7 33. f5 e5 34.
Nc3 Nd4 35. a4 Nc2 36. Nd5 Kd6 37. h4 h6 38. Kd3 Nd4 39. Nc3 Kd7 40. Ne4 Nf3
41. h5 Ng5 42. Nc3 Kc6 43. Ke3 Nf7 44. Ne4 Nd6 45. Nd2 a5 46. bxa5 bxa5 47. Kd3
Nb7 48. Ke3 Nc5 49. Kf3 Nxa4 50. Ne4 Nb6 51. g5 Nd7 52. gxh6 gxh6 53. Ke3 Kb6
54. Kd2 a4 55. Kc3 Ka5 56. Kb2 Kb4 57. c5 Nxc5 58. Nxf6 e4 59. Ng4 a3+ 60. Ka2
Kc3 61. f6 Ne6 1/2-1/2

[Event "Paul Keres mem (27th)"]
[Site "Vancouver CAN"]
[Date "2002.05.18"]
[Round "2.1"]
[White "Oszvald, Joseph"]
[Black "Orlov, Georgi"]
[Result "0-1"]
[WhiteElo "2156"]
[BlackElo "2591"]
[PlyCount "88"]
[EventDate "2002.05.17"]
[EventType "swiss"]
[EventRounds "7"]
[EventCountry "CAN"]

1. e4 g6 2. d4 Bg7 3. Nc3 d6 4. Be3 c6 5. Qd2 b5 6. h4 h5 7. Nh3 Nf6 8. f3 a6
9. Ng5 O-O 10. Be2 Nbd7 11. O-O-O Qa5 12. a3 Rb8 13. Na2 Qc7 14. c3 c5 15. dxc5
Nxc5 16. Kb1 a5 17. Rdg1 Bb7 18. Nc1 Rfc8 19. Nd3 Na4 20. Rc1 Nb6 21. Nf4 Nc4
22. Bxc4 Qxc4 23. Qd4 Qb3 24. Qd1 Qc4 25. Qd4 Qc7 26. Qd1 e5 27. Nd3 Qe7 28.
Nf2 d5 29. Qe2 b4 30. cxb4 axb4 31. axb4 Qxb4 32. Bd2 Qxb2+ 33. Kxb2 Ba6+ 34.
Bb4 Bxe2 35. Rxc8+ Rxc8 36. Ra1 Rb8 37. Kc3 dxe4 38. fxe4 Nd5+ 39. Kd2 Nxb4 40.
Kxe2 Nc2 41. Ra7 Nd4+ 42. Kd3 f6 43. Ngh3 Rb3+ 44. Kc4 Rg3 0-1

[Event "Paul Keres mem (27th)"]
[Site "Vancouver CAN"]
[Date "2002.05.18"]
[Round "2.3"]
[White "North, Robert"]
[Black "Yoos, John"]
[Result "0-1"]
[WhiteElo "2125"]
[BlackElo "2430"]
[PlyCount "82"]
[EventDate "2002.05.17"]
[EventType "swiss"]
[EventRounds "7"]
[EventCountry "CAN"]

1. c4 e5 2. g3 Nc6 3. Bg2 g6 4. Nc3 d6 5. e4 h5 6. h4 Be6 7. d3 Bg7 8. Nge2 Nh6
9. O-O O-O 10. Nd5 Kh7 11. Rb1 Ne7 12. Ne3 Neg8 13. d4 Qc8 14. d5 Bh3 15. b4
Bxg2 16. Kxg2 f5 17. exf5 gxf5 18. f4 Nf6 19. Qc2 Nfg4 20. Rb3 Kh8 21. c5 Qd7
22. Rc3 Nxe3+ 23. Bxe3 Ng4 24. Bc1 Rae8 25. c6 Qf7 26. Rd3 b6 27. fxe5 dxe5 28.
d6 cxd6 29. Rxd6 f4 30. Rf3 Re6 31. Rd7 Qe8 32. b5 a6 33. a4 axb5 34. axb5 Nh6
35. Rb7 Nf5 36. c7 Nd4 37. Nxd4 exd4 38. Rf2 Qa8 39. Qc6 Rxc6 40. bxc6 Qe8 41.
Rxb6 Qe4+ 0-1

[Event "Paul Keres mem (27th)"]
[Site "Vancouver CAN"]
[Date "2002.05.18"]
[Round "2.4"]
[White "Tegzes, Laszlo"]
[Black "Adam, Valerian"]
[Result "0-1"]
[WhiteElo "2381"]
[BlackElo "2282"]
[PlyCount "84"]
[EventDate "2002.05.17"]
[EventType "swiss"]
[EventRounds "7"]
[EventCountry "CAN"]

1. e4 e5 2. Nf3 d6 3. Bc4 Bg4 4. O-O c6 5. c3 b5 6. Bb3 Nd7 7. d4 Ngf6 8. Qe2
a6 9. Bg5 Be7 10. Bxf6 Bxf6 11. d5 c5 12. c4 b4 13. h3 Bh5 14. Nbd2 O-O 15. Kh1
Bg5 16. g4 Bg6 17. Rac1 Bf4 18. Rg1 h5 19. Nf1 hxg4 20. hxg4 Nf6 21. Bc2 Nh7
22. Ng3 Bxg3 23. Rxg3 Ng5 24. Kg2 Nxf3 25. Qxf3 Qg5 26. Ba4 Rad8 27. Rh1 Qd2
28. g5 f5 29. gxf6 Rxf6 30. Qxf6 gxf6 31. Rxg6+ Kf7 32. Rhh6 Qf4 33. Rxf6+ Qxf6
34. Rxf6+ Kxf6 35. Kf3 Kg5 36. Ke3 Rh8 37. a3 bxa3 38. bxa3 Rh3+ 39. f3 Rh2 40.
Bd7 Rc2 41. Kd3 Ra2 42. a4 Kf4 0-1

[Event "Paul Keres mem (27th)"]
[Site "Vancouver CAN"]
[Date "2002.05.18"]
[Round "2.5"]
[White "Milicevic, Dragoljub"]
[Black "Meng, Fanhao"]
[Result "0-1"]
[WhiteElo "2277"]
[BlackElo "1999"]
[PlyCount "64"]
[EventDate "2002.05.17"]
[EventType "swiss"]
[EventRounds "7"]
[EventCountry "CAN"]

1. Nf3 d5 2. g3 Nf6 3. Bg2 Bf5 4. d3 e6 5. O-O c5 6. Qe1 Nc6 7. c3 h6 8. Nbd2
Be7 9. e4 Bh7 10. Qe2 O-O 11. Ne1 Qc7 12. f4 dxe4 13. dxe4 Rad8 14. e5 Nd5 15.
Ne4 a6 16. a4 Na5 17. c4 Nb6 18. Ra3 Nbxc4 19. Rc3 Nb6 20. g4 Nd5 21. Rh3 f5
22. exf6 Bxf6 23. Nxf6+ Rxf6 24. f5 Nc6 25. fxe6 Nd4 26. Qd1 Rxe6 27. Bxd5 Rxd5
28. Re3 Be4 29. Bd2 h5 30. Nd3 Bxd3 31. Rxd3 Ne2+ 32. Kf2 Qxh2+ 0-1

[Event "Paul Keres mem (27th)"]
[Site "Vancouver CAN"]
[Date "2002.05.18"]
[Round "2.6"]
[White "Zemitis, Valdemars"]
[Black "Pupols, Viktors"]
[Result "0-1"]
[WhiteElo "1841"]
[BlackElo "2261"]
[PlyCount "78"]
[EventDate "2002.05.17"]
[EventType "swiss"]
[EventRounds "7"]
[EventCountry "CAN"]

1. e4 d6 2. d4 Nf6 3. Nc3 c6 4. f4 Qa5 5. e5 Ne4 6. Bd2 Nxd2 7. Qxd2 Bf5 8. Bd3
Bxd3 9. Qxd3 e6 10. Nf3 Qa6 11. Qxa6 Nxa6 12. O-O-O d5 13. Kb1 Be7 14. g4 h5
15. h3 Kd7 16. Rdg1 hxg4 17. hxg4 c5 18. Ne2 cxd4 19. Nexd4 Nc5 20. f5 Ne4 21.
c3 Nf2 22. Rxh8 Rxh8 23. g5 exf5 24. Nxf5 Rh3 25. N3d4 g6 26. Nxe7 Kxe7 27. Nb5
Re3 28. Nxa7 Rxe5 29. Nc8+ Ke6 30. a4 Nh3 31. Rh1 Nxg5 32. Rh8 Ne4 33. Kc2 g5
34. Rg8 Kf5 35. b4 g4 36. b5 Kf4 37. a5 Nc5 38. Nd6 Re2+ 39. Kb1 Re7 0-1

[Event "Paul Keres mem (27th)"]
[Site "Vancouver CAN"]
[Date "2002.05.18"]
[Round "2.7"]
[White "Shamilov, Eduard"]
[Black "Long, Hugh"]
[Result "1-0"]
[WhiteElo "2239"]
[BlackElo "1943"]
[PlyCount "68"]
[EventDate "2002.05.17"]
[EventType "swiss"]
[EventRounds "7"]
[EventCountry "CAN"]

1. e4 d5 2. exd5 Nf6 3. Nc3 Nxd5 4. Bc4 Nf6 5. Nf3 Nc6 6. d4 Bg4 7. Be3 e6 8.
h3 Bh5 9. a3 a6 10. Qe2 Nd5 11. Nxd5 exd5 12. Bd3 Be7 13. O-O-O Bg6 14. Bxg6
fxg6 15. Bg5 O-O 16. Qe6+ Kh8 17. Bxe7 Qxe7 18. Qxd5 Rad8 19. Qc4 Qf6 20. Rhe1
b5 21. Qc5 Qd6 22. Qxd6 Rxd6 23. d5 Nd8 24. Ng5 h6 25. Ne4 Rd7 26. Nc5 Rd6 27.
f3 a5 28. Re7 c6 29. Nb7 Rxd5 30. Rxd5 cxd5 31. Nxa5 Kh7 32. Rd7 Ne6 33. Rxd5
b4 34. axb4 Nf4 1-0

[Event "Paul Keres mem (27th)"]
[Site "Vancouver CAN"]
[Date "2002.05.18"]
[Round "2.8"]
[White "Fleming, Balin"]
[Black "Jiganchine, Roman"]
[Result "1-0"]
[WhiteElo "1843"]
[BlackElo "2224"]
[PlyCount "137"]
[EventDate "2002.05.17"]
[EventType "swiss"]
[EventRounds "7"]
[EventCountry "CAN"]

1. e4 e5 2. f4 exf4 3. Nf3 d5 4. exd5 Nf6 5. Bb5+ c6 6. dxc6 Nxc6 7. d4 Bd6 8.
Qe2+ Be6 9. Ng5 O-O 10. Nxe6 fxe6 11. Qxe6+ Kh8 12. Bxc6 bxc6 13. O-O Nd5 14.
Nc3 Nxc3 15. bxc3 Qc7 16. Qg4 Rae8 17. Bd2 f3 18. Rxf3 Bxh2+ 19. Kh1 Rxf3 20.
Qxf3 Bd6 21. Rf1 Qd8 22. Kg1 Rf8 23. Qd3 Rxf1+ 24. Qxf1 h6 25. Qf7 Qb8 26. Kf2
a6 27. Ke3 Qb5 28. Qe8+ Kh7 29. Qe4+ Kh8 30. Kf2 Qc4 31. Qg6 Bf8 32. Ke3 Qd5
33. Kd3 c5 34. Qe4 c4+ 35. Ke3 Qg5+ 36. Ke2 Qh5+ 37. Qf3 Qe8+ 38. Be3 Bd6 39.
Kd2 Qb5 40. Bxh6 gxh6 41. Qf6+ Kh7 42. Qxd6 Qg5+ 43. Kd1 Qxg2 44. Qd7+ Kh8 45.
Kc1 Qg5+ 46. Kb2 Qb5+ 47. Qxb5 axb5 48. Kc1 Kg7 49. Kd2 Kf6 50. Ke3 Ke7 51. Kf4
Kf6 52. Kg4 Kg6 53. Kh4 Kg7 54. Kh5 Kh7 55. Kh4 Kg7 56. Kh5 Kh7 57. d5 Kg7 58.
d6 Kf6 59. Kxh6 Ke6 60. Kg6 Kxd6 61. Kf6 Kc5 62. Ke5 Kc6 63. Ke6 Kc5 64. Kd7
Kd5 65. Kc7 Kc5 66. Kb7 b4 67. cxb4+ Kxb4 68. Kc6 Kc3 69. Kc5 1-0

[Event "Paul Keres mem (27th)"]
[Site "Vancouver CAN"]
[Date "2002.05.18"]
[Round "2.9"]
[White "Harper, Bruce"]
[Black "Lee, Mau Seng"]
[Result "1-0"]
[WhiteElo "2335"]
[BlackElo "2005"]
[PlyCount "73"]
[EventDate "2002.05.17"]
[EventType "swiss"]
[EventRounds "7"]
[EventCountry "CAN"]

1. e4 c5 2. Nc3 e6 3. Nf3 d6 4. d4 cxd4 5. Nxd4 a6 6. Bc4 Nf6 7. O-O Be7 8. Bb3
O-O 9. f4 b5 10. e5 dxe5 11. fxe5 Nfd7 12. Nf3 Nc6 13. Bf4 Qb6+ 14. Kh1 Rd8 15.
Qe1 Nf8 16. Ne4 Ng6 17. Bg3 h6 18. c3 Bb7 19. Nd6 Bxd6 20. exd6 Nf8 21. Rd1 Rd7
22. Nd2 Na5 23. Bc2 Bd5 24. Ne4 Nh7 25. b3 Rc8 26. Bf4 Qc6 27. Be5 f6 28. Bd4
f5 29. Nc5 Bxg2+ 30. Kg1 Bxf1 31. Qxe6+ Kh8 32. Rxf1 Qxd6 33. Qxd7 Qxd7 34.
Nxd7 Rd8 35. Bxf5 Nc6 36. Ne5 Nxe5 37. Bxe5 1-0